000 00342nam a2200145Ia 4500
005 20251222143242.0
008 251222s9999||||xx |||||||||||||| ||spa||
020 _a978-84-205-4345-1
082 _a004/B35
100 _aBeekman, George
245 0 _aIntroducción a la Informática
250 _a6a.ed.
264 _bPearson
942 _cLIB
999 _c14600
_d14600